[Event "Challenge"]
[Site "http://www.queenalice.com/game.php?id=459707"]
[Date "2008.9.7"]
[Round "-"]
[White "Glasgow_Rangers"]
[Black "RicardoFialho"]
[Result "0-1"]
[WhiteElo "1767"]
[BlackElo "1888"]

1. e4 e5 2. Nf3 Nc6 3. d4 Nxd4 4. Nxd4 exd4 5. Qxd4 h6 6. Bc4 c6 7. e5 d5 8.
exd6 Qxd6 9. Qf4 Qxf4 10. Bxf4 Bf5 11. Bb3 Rd8 12. O-O Be7 13. Re1 Rd7 14. Be3
a6 15. Bc5 b5 16. h3 a5 17. Nc3 a4 18. Bxa4 bxa4 19. Nxa4 Bxc2 20. Nc3 Nf6 21.
Rac1 Bg6 22. Rc2 Bxc2 23. Bxe7 Rxe7 24. Rc1 Bg6 25. a3 O-O 26. b4 Ne4 27. Nxe4
Rxe4 28. Rxc6 Rfe8 29. b5 Ra4 30. Rc3 Rea8 31. b6 Rxa3 32. b7 Rb8 33. Rc8+ Rxc8
34. bxc8=Q+ Kh7 35. g4 f5 36. Kg2 Rd3 37. gxf5 Bf7 38. Qb7 Bd5+ 39. Qxd5 Rxd5
40. f6 gxf6 41. f3 Kg6 42. Kg3 h5 43. h4 f5 44. Kf4 Rd4+ 45. Kg3 f4+ 46. Kg2 Kf5
47. Kf2 Ke5 48. Ke2 Kd5 49. Kf2 Kc4 50. Kg2 Kd3 51. Kf2 Kd2 52. Kg2 Ke2 53. Kg1
Kxf3 54. Kh2 Ke3 55. Kg2 f3+ 56. Kg1 f2+ 57. Kf1 Rd1+ 58. Kg2 f1=Q+ 59. Kh2 Rd2+
60. Kg3 Qf3# 0-1

[Event "Challenge"]
[Site "http://www.queenalice.com/game.php?id=462747"]
[Date "2008.9.13"]
[Round "-"]
[White "RicardoFialho"]
[Black "Glasgow_Rangers"]
[Result "1-0"]
[WhiteElo "1880"]
[BlackElo "1723"]

1. e4 e5 2. Nf3 Nc6 3. Nc3 Nf6 4. a3 Bc5 5. h3 d6 6. Bc4 h6 7. d3 O-O 8. Na4 Bd4
9. Nxd4 Nxd4 10. Nc3 Be6 11. Ba2 Bxa2 12. Rxa2 Re8 13. Ne2 Nc6 14. Be3 Qe7 15.
Qd2 Qe6 16. Ra1 Rad8 17. c4 a6 18. a4 Ne7 19. b3 c5 20. O-O b5 21. axb5 axb5 22.
Ng3 bxc4 23. bxc4 Ra8 24. Rfb1 Rxa1 25. Rxa1 Nc6 26. Nf5 Ne7 27. Bxh6 gxh6 28.
Qxh6 Nh5 29. Qxh5 Nxf5 30. Qxf5 Qxf5 31. exf5 Rb8 32. Kf1 Rb3 33. Ke2 Rb2+ 34.
Ke3 Rb8 35. g4 Kg7 36. h4 Rh8 37. h5 f6 38. Kf3 Rb8 39. Ke4 Rb2 40. Ra7+ Kf8 41.
Ke3 Rb8 42. f3 Rd8 43. Rh7 d5 44. Rh8+ Ke7 45. Rxd8 Kxd8 46. h6 Ke8 47. h7 Kf8
48. h8=Q+ Kf7 49. cxd5 c4 50. dxc4 1-0

[Event "Challenge"]
[Site "http://www.queenalice.com/game.php?id=463752"]
[Date "2008.9.15"]
[Round "-"]
[White "RicardoFialho"]
[Black "rocha"]
[Result "1-0"]
[WhiteElo "1893"]
[BlackElo "1628"]

1. e4 e5 2. Nf3 f6 3. Nc3 c6 4. Bc4 Ne7 5. O-O d5 6. Bb3 Na6 7. a3 d4 8. Ne2 Nc5
9. Ba2 Nxe4 10. d3 Nc5 11. c3 e4 12. dxe4 d3 13. Ned4 f5 14. e5 Ng6 15. Re1 Qe7
16. b4 Nd7 17. Ne6 Ndxe5 18. Nxf8 Rxf8 19. Bg5 Qc7 20. Bb1 Qd6 21. Bxd3 Kd7 22.
Nxe5+ Nxe5 23. Bf4 Qxd3 24. Bxe5 Qxd1 25. Raxd1+ Ke6 26. Bxg7+ Kf7 27. Bxf8 Kxf8
28. Re5 Kf7 29. Rde1 Kf6 30. Re8 b5 31. Rd1 Bb7 32. Rxa8 Bxa8 33. Rd8 Bb7 34.
Rb8 Ba6 35. Ra8 h6 36. Rxa7 Bc8 37. Rc7 1-0

[Event "Challenge"]
[Site "http://www.queenalice.com/game.php?id=463757"]
[Date "2008.9.15"]
[Round "-"]
[White "RicardoFialho"]
[Black "krazyking"]
[Result "1-0"]
[WhiteElo "1939"]
[BlackElo "1776"]

1. e4 b6 2. Nc3 Bb7 3. Nf3 g6 4. d3 Bg7 5. Bd2 e6 6. Be2 Nf6 7. O-O O-O 8. Qc1
Nc6 9. Re1 Re8 10. Bd1 d6 11. a3 a6 12. b4 b5 13. Qb1 e5 14. a4 Na7 15. axb5
axb5 16. Be3 Nc6 17. Rxa8 Qxa8 18. Nxb5 Qd8 19. h3 Qb8 20. Bd2 Ba6 21. Na3 Ne7
22. c4 c6 23. Ba4 Rd8 24. b5 cxb5 25. Nxb5 Bxb5 26. Bxb5 Qa8 27. Bb4 Nc6 28. Bd2
Rb8 29. Qa1 Qxa1 30. Rxa1 Ne7 31. Bb4 Nc8 32. Ra4 Bf8 33. Bd2 Be7 34. Bg5 Kg7
35. Bxf6+ Kxf6 36. Ra1 Bd8 37. g3 Bb6 38. h4 Na7 39. Ba4 Bc5 40. Ng5 h5 41. Nf3
Nc8 42. Kg2 Ne7 43. Bb5 Ng8 44. Rb1 Nh6 45. Nh2 Ke7 46. f3 f5 47. Nf1 fxe4 48.
dxe4 Kf6 49. Nd2 g5 50. hxg5+ Kxg5 51. Nb3 Be3 52. Na5 h4 53. gxh4+ Kxh4 54.
Rh1+ Kg5 55. Re1 Bc5 56. Kf1 Rf8 57. Ke2 Kf4 58. Rh1 Nf7 59. Rh4+ Kg5 60. Rg4+
Kf6 61. Nb3 Bb4 62. Bc6 Nh6 63. Rh4 Kg5 64. Rh1 Rf4 65. Rc1 Rh4 66. Rg1+ Kf6 67.
Ke3 Nf7 68. Rc1 Nd8 69. Bd5 Rh3 70. c5 dxc5 71. Nxc5 Nf7 72. Nd7+ Kg5 73. Bxf7
Rh7 74. Rg1+ Kh6 75. Rh1+ Kg7 76. Rxh7+ Kxh7 77. Nxe5 Bc5+ 78. Kd3 Kg7 79. Bd5
Kf6 80. Nd7+ 1-0

[Event "Challenge"]
[Site "http://www.queenalice.com/game.php?id=464623"]
[Date "2008.9.17"]
[Round "-"]
[White "RicardoFialho"]
[Black "Glasgow_Rangers"]
[Result "1-0"]
[WhiteElo "1890"]
[BlackElo "1727"]

1. d4 d5 2. h3 Nc6 3. Nf3 h6 4. Nc3 Nf6 5. e3 e6 6. a3 a6 7. Bd3 Bd6 8. O-O O-O
9. Re1 Re8 10. e4 dxe4 11. Nxe4 Nxe4 12. Bxe4 b5 13. Bxc6 Bd7 14. Bxa8 Qxa8 15.
b4 a5 16. Bb2 a4 17. Ne5 Bc8 18. Re3 Bb7 19. Rg3 Be4 20. Bc1 Rd8 21. Bxh6 1-0

[Event "Challenge"]
[Site "http://www.queenalice.com/game.php?id=464676"]
[Date "2008.9.17"]
[Round "-"]
[White "RicardoFialho"]
[Black "Megakhuimyak"]
[Result "1-0"]
[WhiteElo "1876"]
[BlackElo "1839"]

1. e4 e5 2. Nf3 Nc6 3. Nc3 Nf6 4. a3 Bc5 5. h3 d6 6. Bc4 O-O 7. d3 h6 8. Na4 Bb6
9. Nxb6 axb6 10. O-O Re8 11. Re1 Be6 12. Bxe6 Rxe6 13. Be3 Nh5 14. Qd2 Nf4 15.
Bxf4 exf4 16. Qxf4 Rg6 17. Nh4 Qd7 18. Nxg6 1-0

[Event "Challenge"]
[Site "http://www.queenalice.com/game.php?id=468196"]
[Date "2008.9.25"]
[Round "-"]
[White "rocha"]
[Black "RicardoFialho"]
[Result "0-1"]
[WhiteElo "1614"]
[BlackElo "1925"]

1. e4 e5 2. h3 Nf6 3. Nc3 Nc6 4. Nf3 a6 5. d4 d6 6. Qd3 h6 7. g4 Nb4 8. Qd2 Nc6
9. a3 Bd7 10. d5 Ne7 11. a4 Ng6 12. b3 Nf4 13. Qd1 Be7 14. Bxf4 exf4 15. Qd4 c5
16. Qd2 g5 17. e5 dxe5 18. Nxe5 Bd6 19. Nf3 Qe7+ 20. Be2 Ne4 21. Nxe4 Qxe4 22.
Qd3 Qxd3 23. Bxd3 O-O 24. Kd1 Rae8 25. Kc1 Be5 26. Ra2 Bd4 27. Rf1 f5 28. Bxf5
Bxf5 29. gxf5 Rxf5 30. c4 a5 31. Re1 Rxe1+ 32. Nxe1 Rf7 33. Kd1 Kf8 34. f3 Re7
35. Re2 Rxe2 36. Kxe2 Ke7 37. Nd3 b6 38. Nf2 Kf7 39. Ne4 Ke7 40. d6+ Ke6 41. Kf1
Be5 42. Nf2 Kxd6 43. Ng4 h5 44. Nh6 Ke6 45. Kg2 Bg7 46. Ng4 hxg4 47. fxg4 Ke5
48. Kf3 Kd4 49. h4 Bh6 50. hxg5 Bxg5 51. Ke2 Kc3 52. Kf3 Kxb3 53. Ke4 Kxc4 54.
Kf5 f3 55. Kxg5 f2 56. Kf5 f1=Q+ 57. Kg5 Kd5 58. Kg6 Ke6 59. g5 Qf7+ 0-1

[Event "Challenge"]
[Site "http://www.queenalice.com/game.php?id=468325"]
[Date "2008.9.25"]
[Round "-"]
[White "Megakhuimyak"]
[Black "RicardoFialho"]
[Result "0-1"]
[WhiteElo "1831"]
[BlackElo "1879"]

1. d4 d5 2. h3 Nc6 3. Nf3 h6 4. e3 Nf6 5. Bb5 e6 6. Bxc6+ bxc6 7. Ne5 c5 8. c3
cxd4 9. cxd4 Nd7 10. Qa4 Bd6 11. Nc6 Qf6 12. Nxa7 O-O 13. Nc3 Nb6 14. Qa5 Bd7
15. Ncb5 Qe7 16. b3 Bb4+ 0-1

[Event "Challenge"]
[Site "http://www.queenalice.com/game.php?id=468789"]
[Date "2008.9.26"]
[Round "-"]
[White "Megakhuimyak"]
[Black "RicardoFialho"]
[Result "0-1"]
[WhiteElo "1820"]
[BlackElo "1893"]

1. e3 d5 2. d4 Nc6 3. Bb5 Bd7 4. Nc3 e6 5. Nf3 a6 6. Bxc6 Bxc6 7. Ne5 Ne7 8. Qf3
Nf5 9. O-O Bd6 10. Nxc6 bxc6 11. e4 Nxd4 12. Qd1 Nb5 13. Nxb5 axb5 14. exd5 cxd5
15. Be3 O-O 16. a3 Be5 17. Bd4 Bxd4 18. Qxd4 Ra4 19. b4 Qa8 20. Qe3 Rc8 21. Qd3
c6 22. c3 Rxa3 23. Rxa3 Qxa3 24. Re1 h6 25. Re2 Qc1+ 26. Qd1 Qxd1+ 27. Re1 Qxe1#
0-1

[Event "Challenge"]
[Site "http://www.queenalice.com/game.php?id=470077"]
[Date "2008.9.29"]
[Round "-"]
[White "Megakhuimyak"]
[Black "RicardoFialho"]
[Result "0-1"]
[WhiteElo "1819"]
[BlackElo "1913"]

1. e4 c5 2. Nc3 Nc6 3. Bc4 d6 4. Nf3 h6 5. d3 Nf6 6. h3 e5 7. O-O a6 8. Re1 Na5
9. Bb3 Nxb3 10. axb3 Be6 11. Be3 d5 12. Nh4 d4 13. Bxd4 cxd4 14. Ne2 Nxe4 15.
dxe4 Qxh4 16. f3 Qg5 17. Qd2 Qxd2 0-1

[Event "Challenge"]
[Site "http://www.queenalice.com/game.php?id=472854"]
[Date "2008.10.4"]
[Round "-"]
[White "RicardoFialho"]
[Black "Al_Bundy"]
[Result "1-0"]
[WhiteElo "1931"]
[BlackElo "1734"]

1. e4 e5 2. Nf3 Nc6 3. d4 exd4 4. Nxd4 Nxd4 5. Qxd4 c5 6. Qe5+ Qe7 7. Qxe7+ Bxe7
8. Bd3 d6 9. h3 h6 10. O-O a6 11. Nd2 Be6 12. Nf3 Nf6 13. Re1 O-O 14. a3 Rfe8
15. Be3 Rab8 16. e5 dxe5 17. Nxe5 Rbc8 18. c4 Red8 19. Rad1 a5 20. a4 Bd7 21.
Nxd7 Rxd7 22. Bf5 Rxd1 23. Rxd1 Rd8 24. Rxd8+ Bxd8 25. Bxc5 b6 26. Bd4 g6 27.
Bc2 h5 28. b3 Kg7 29. g3 Bc7 30. Kg2 Kh7 31. Bxf6 1-0

[Event "Challenge"]
[Site "http://www.queenalice.com/game.php?id=474198"]
[Date "2008.10.8"]
[Round "-"]
[White "RicardoFialho"]
[Black "giraldes"]
[Result "1-0"]
[WhiteElo "2035"]
[BlackElo "1414"]

1. d4 d6 2. e4 Nc6 3. h3 e5 4. Nf3 Nf6 5. Nc3 Nxd4 6. Nxd4 exd4 7. Qxd4 Be6 8.
Qd1 h6 9. Bd3 a6 10. a3 Be7 11. Be3 c6 12. b4 b5 13. Qd2 Nd7 14. Ne2 g5 15. Nd4
Ne5 16. Nxe6 fxe6 17. Bd4 Bf6 18. Bxe5 Bxe5 19. Rb1 Rf8 20. Qe2 Kd7 21. Qh5 Bc3+
22. Kf1 Qf6 23. Qe2 Qe5 24. f3 Rf6 25. Rb3 Raf8 26. Qe3 Bd4 27. Qe2 Bb6 28. Qe1
Rg8 29. Rb1 Rh8 30. c4 g4 31. hxg4 h5 32. gxh5 Rxh5 33. Rxh5 Qxh5 34. Ke2 bxc4
35. Bxc4 e5 36. Bxa6 Qh2 37. Qh1 Qxh1 38. Rxh1 Rf7 39. Rh5 Bd4 40. Bc4 Rg7 41.
g4 Kc7 42. Rf5 Bb2 43. a4 Bc3 44. b5 cxb5 45. Bxb5 Kb6 46. Rf6 Bb4 47. Kd3 Bc5
48. Rf5 Re7 49. g5 Ka5 50. g6 Rg7 51. Be8 Rg8 52. Bf7 Rg7 53. Rh5 Kxa4 54. Rh7
Rxg6 55. Bxg6 Kb4 56. Bf7 Bd4 57. Rh6 Bc5 58. Bh5 Kb5 59. Rh8 Bb6 60. Rb8 Kc5
61. Be8 d5 62. exd5 Bc7 63. Rc8 Kd6 64. Rxc7 Kxc7 65. Ke4 Kd6 66. Bh5 Kd7 67.
Kxe5 Ke7 68. f4 Kd7 69. f5 Ke7 70. f6+ Kf8 71. Ke6 Kg8 72. Ke7 Kh7 73. f7 Kh6
74. f8=Q+ Kxh5 75. Qg8 Kh6 76. Kf6 Kh5 77. Qg5# 1-0

[Event "Challenge"]
[Site "http://www.queenalice.com/game.php?id=475447"]
[Date "2008.10.10"]
[Round "-"]
[White "Al_Bundy"]
[Black "RicardoFialho"]
[Result "0-1"]
[WhiteElo "1717"]
[BlackElo "1937"]

1. e4 e6 2. d4 d5 3. exd5 exd5 4. a3 a6 5. Nc3 h6 6. h3 Nc6 7. Qe2+ Be7 8. Nf3
Nf6 9. Bf4 O-O 10. O-O-O Re8 11. g4 Bxa3 12. Be3 Bb4 13. Qd2 a5 14. Bb5 Ne4 15.
Bxc6 Nxd2 0-1

[Event "Challenge"]
[Site "http://www.queenalice.com/game.php?id=480279"]
[Date "2008.10.20"]
[Round "-"]
[White "Glasgow_Rangers"]
[Black "RicardoFialho"]
[Result "0-1"]
[WhiteElo "1862"]
[BlackElo "1944"]

1. e4 c5 2. Nc3 Nc6 3. Bc4 Nf6 4. Nf3 h6 5. a3 d6 6. h3 e5 7. d3 a6 8. O-O Be7
9. Re1 O-O 10. Bd2 Bd7 11. Nh4 Nxe4 12. Rxe4 Bxh4 13. Re1 Qf6 14. Ne4 Qe7 15. b3
Be6 16. a4 d5 17. Bxd5 Bxd5 18. c4 Bxe4 19. Rxe4 Nd4 20. Qc1 Nxb3 0-1

[Event "Challenge"]
[Site "http://www.queenalice.com/game.php?id=490372"]
[Date "2008.11.9"]
[Round "-"]
[White "RicardoFialho"]
[Black "Al_Bundy"]
[Result "1-0"]
[WhiteElo "1959"]
[BlackElo "1846"]

1. e4 e6 2. c4 c6 3. a3 d5 4. cxd5 cxd5 5. exd5 exd5 6. d4 Nc6 7. Nc3 h6 8. Bb5
Bd7 9. Nf3 a6 10. Ba4 Nxd4 11. Bxd7+ Qxd7 12. Qxd4 Nf6 13. Ne5 Qc7 14. Nxd5 Nxd5
15. Qxd5 Qd8 16. Qxf7# 1-0

[Event "Challenge"]
[Site "http://www.queenalice.com/game.php?id=493857"]
[Date "2008.11.15"]
[Round "-"]
[White "RicardoFialho"]
[Black "Al_Bundy"]
[Result "1-0"]
[WhiteElo "1970"]
[BlackElo "1833"]

1. d4 d5 2. h3 Nf6 3. Nf3 Nc6 4. Bf4 e6 5. a3 Be7 6. e3 a6 7. Nc3 Bd7 8. Be2 h6
9. b4 O-O 10. O-O Na7 11. Ne5 b5 12. Nxd7 Qxd7 13. Bd3 Rab8 14. Re1 Nh5 15. Qxh5
e5 16. Qf5 Qd6 17. Qh7# 1-0

[Event "Challenge"]
[Site "http://www.queenalice.com/game.php?id=494778"]
[Date "2008.11.18"]
[Round "-"]
[White "Erlend_Oye"]
[Black "RicardoFialho"]
[Result "0-1"]
[WhiteElo "1834"]
[BlackElo "1983"]

1. e4 c5 2. Nc3 d6 3. Bc4 Nf6 4. Nf3 h6 5. d3 e5 6. h3 a6 7. O-O Nc6 8. Re1 Na5
9. a3 Nxc4 10. dxc4 Be6 11. Nd5 Nxd5 12. cxd5 Bd7 13. Bd2 Be7 14. b4 b6 15. bxc5
bxc5 16. a4 a5 17. c4 Rb8 18. Rb1 O-O 19. Rb3 Bxa4 20. Qb1 Bxb3 0-1

[Event "Challenge"]
[Site "http://www.queenalice.com/game.php?id=495930"]
[Date "2008.11.20"]
[Round "-"]
[White "RicardoFialho"]
[Black "Erlend_Oye"]
[Result "1-0"]
[WhiteElo "1993"]
[BlackElo "1858"]

1. c4 e5 2. Nc3 Nf6 3. Nf3 Nc6 4. d3 Bb4 5. Bg5 d6 6. a3 Ba5 7. b4 Bb6 8. Bxf6
Qxf6 9. Nd5 Qg6 10. e4 Bd4 11. Nxd4 Nxd4 12. Nxc7+ 1-0

[Event "Challenge"]
[Site "http://www.queenalice.com/game.php?id=496551"]
[Date "2008.11.21"]
[Round "-"]
[White "RicardoFialho"]
[Black "Erlend_Oye"]
[Result "1-0"]
[WhiteElo "2004"]
[BlackElo "1837"]

1. e4 e6 2. d4 d5 3. exd5 exd5 4. Nf3 Bg4 5. Be2 Bxf3 6. Bxf3 Nc6 7. Nc3 Bb4 8.
Qd2 Nf6 9. a3 Ba5 10. b4 Bb6 11. Ne2 O-O 12. O-O Re8 13. Re1 h6 14. b5 Ne7 15.
a4 Ng6 16. a5 Bxd4 17. Nxd4 Rb8 18. h3 b6 19. Nc6 Rxe1+ 20. Qxe1 Qe8 21. Ba3
Qxe1+ 22. Rxe1 Re8 23. Rxe8+ Nxe8 24. Bxd5 bxa5 25. Nxa7 Nd6 26. Bxd6 cxd6 27.
b6 Ne5 28. b7 Nd7 29. Nc6 a4 30. b8=Q+ Nxb8 31. Nxb8 1-0

[Event "Challenge"]
[Site "http://www.queenalice.com/game.php?id=500497"]
[Date "2008.11.30"]
[Round "-"]
[White "RicardoFialho"]
[Black "REUSKING"]
[Result "1/2-1/2"]
[WhiteElo "2024"]
[BlackElo "2019"]

1. e4 e5 2. Nf3 Nf6 3. Nc3 Nc6 4. Bc4 Be7 5. a3 O-O 6. d3 d6 7. h3 Be6 8. Ba2
Bxa2 9. Rxa2 d5 10. Nd2 dxe4 11. Ndxe4 Nxe4 12. Nxe4 Qd5 13. Ra1 f5 14. c4 Qe6
15. Nc3 a6 16. Bd2 Rad8 17. Nd5 Bd6 18. Bc3 Ne7 19. Nxe7+ Qxe7 20. O-O e4 21. d4
Qg5 22. Qb3 Kh8 23. Bb4 Bxb4 24. Qxb4 b6 25. Rfe1 Qf6 26. d5 Qd6 1/2-1/2

[Event "Let's Play Chess!"]
[Site "http://www.queenalice.com/game.php?id=500501"]
[Date "2008.11.30"]
[Round "-"]
[White "Grant_Lee_Buffalo"]
[Black "RicardoFialho"]
[Result "0-1"]
[WhiteElo "1895"]
[BlackElo "2024"]

1. e4 e5 2. Nf3 Nc6 3. Nc3 Nf6 4. Bb5 a6 5. Bxc6 dxc6 6. Nxe5 Qd4 7. Nf3 Qc4 8.
Qe2 Qxe2+ 9. Nxe2 Nxe4 10. d3 Nf6 11. O-O Bd6 12. Bg5 Be7 13. h3 h6 14. Bf4 Bd6
15. Bxd6 cxd6 0-1

[Event "Challenge"]
[Site "http://www.queenalice.com/game.php?id=503594"]
[Date "2008.12.5"]
[Round "-"]
[White "RicardoFialho"]
[Black "Rutty"]
[Result "0-1"]
[WhiteElo "2037"]
[BlackElo "1959"]

1. e4 c5 2. Nc3 Nc6 3. Nf3 g6 4. Bc4 e6 5. a3 Bg7 6. d3 Nge7 7. Bd2 O-O 8. O-O
d5 9. exd5 exd5 10. Ba2 b6 11. h3 Bb7 12. Re1 d4 13. Ne4 Qc7 14. c3 Rad8 15.
cxd4 Nxd4 16. Nxd4 Bxd4 17. Bc3 Bxe4 18. Rxe4 Nf5 19. Qd2 Qd7 20. Rd1 Rfe8 21.
Rxe8+ Rxe8 22. Re1 Kg7 23. Rxe8 Qxe8 24. Bd5 Qe5 25. Be4 Ng3 26. Bxd4 Qxd4 27.
Qe3 Qxe3 28. fxe3 Nxe4 29. dxe4 Kf6 30. Kf2 Ke5 31. Ke2 Kxe4 32. Kd2 b5 33. b4
c4 34. h4 f5 35. Ke2 h6 36. g3 g5 37. hxg5 hxg5 38. Kf2 Kd3 0-1

[Event "Challenge"]
[Site "http://www.queenalice.com/game.php?id=506157"]
[Date "2008.12.11"]
[Round "-"]
[White "RicardoFialho"]
[Black "attachui"]
[Result "0-1"]
[WhiteElo "2020"]
[BlackElo "1966"]

1. d4 d5 2. c4 c6 3. e3 Nf6 4. Nc3 Bf5 5. cxd5 Nxd5 6. Qb3 b6 7. Bc4 e6 8. Nxd5
exd5 9. Bd3 Be6 10. Qc2 Nd7 11. Qxc6 Rc8 12. Qa4 a5 13. a3 Be7 14. Ne2 O-O 15.
Nf4 Bg5 16. e4 Rxc1+ 17. Rxc1 Bxf4 18. Rc2 dxe4 19. Bxe4 Nf6 20. Bf3 Bf5 21. Rc3
Re8+ 22. Be2 Bg4 23. f3 Bd7 24. Qb3 Qe7 25. Qc4 Nd5 0-1